|
|
|
|
| LEADER |
00000caa a22000002c 4500 |
| 001 |
1912530260 |
| 003 |
DE-627 |
| 005 |
20250126054959.0 |
| 007 |
cr uuu---uuuuu |
| 008 |
241217s1995 xx |||||o 00| ||eng c |
| 035 |
|
|
|a (DE-627)1912530260
|
| 035 |
|
|
|a (DE-599)KXP1912530260
|
| 040 |
|
|
|a DE-627
|b ger
|c DE-627
|e rda
|
| 041 |
|
|
|a eng
|
| 084 |
|
|
|a 2,1
|2 ssgn
|
| 100 |
1 |
|
|a Grossman, M.
|e VerfasserIn
|4 aut
|
| 245 |
1 |
0 |
|a Effects of alcohol price policy on youth: A summary of economic research
|
| 264 |
|
1 |
|b Lawrence Erlbaum Associates
|c 1995
|
| 336 |
|
|
|a Text
|b txt
|2 rdacontent
|
| 337 |
|
|
|a Computermedien
|b c
|2 rdamedia
|
| 338 |
|
|
|a Online-Ressource
|b cr
|2 rdacarrier
|
| 700 |
1 |
|
|a Laixuthai, A.
|e VerfasserIn
|4 aut
|
| 700 |
1 |
|
|a Saffer, Henry
|e VerfasserIn
|0 (DE-588)124773710
|0 (DE-627)365937096
|0 (DE-576)294494804
|4 aut
|
| 700 |
1 |
|
|a Chaloupka, F.J.
|e VerfasserIn
|4 aut
|
| 773 |
0 |
8 |
|i Enthalten in
|t Alcohol Problems Among Adolescents: Current Directions in Prevention Research
|g (1995), Seite 225-242
|
| 773 |
1 |
8 |
|g year:1995
|g pages:225-242
|
| 787 |
0 |
8 |
|i Forschungsdaten
|a Johnston, Lloyd D.
|t Monitoring the Future: A Continuing Study of the Lifestyles and Values of Youth, 1989
|d [Erscheinungsort nicht ermittelbar] : [Verlag nicht ermittelbar], 1992
|w (DE-627)1840060026
|
| 787 |
0 |
8 |
|i Forschungsdaten
|a Bachman, Jerald G.
|t Monitoring the Future: A Continuing Study of the Lifestyles and Values of Youth, 1982
|d [Erscheinungsort nicht ermittelbar] : [Verlag nicht ermittelbar], 1984
|w (DE-627)1840057254
|
| 787 |
0 |
8 |
|i Forschungsdaten
|a United States Department of Health and Human Services. Centers for Disease Control and Prevention. National Center for Health Statistics
|t National Health Interview Survey, 1985
|
| 856 |
4 |
0 |
|u http://etoh.niaaa.nih.gov/
|x Verlag
|z lizenzpflichtig
|3 Volltext
|7 1
|
| 935 |
|
|
|a mkri
|
| 951 |
|
|
|a AR
|
| ELC |
|
|
|a 1
|
| LOK |
|
|
|0 000 xxxxxcx a22 zn 4500
|
| LOK |
|
|
|0 001 4637495768
|
| LOK |
|
|
|0 003 DE-627
|
| LOK |
|
|
|0 004 1912530260
|
| LOK |
|
|
|0 005 20241217044401
|
| LOK |
|
|
|0 008 241217||||||||||||||||ger|||||||
|
| LOK |
|
|
|0 035
|a (DE-2619)ICPSR37486
|
| LOK |
|
|
|0 040
|a DE-2619
|c DE-627
|d DE-2619
|
| LOK |
|
|
|0 092
|o n
|
| LOK |
|
|
|0 852
|a DE-2619
|
| LOK |
|
|
|0 852 1
|9 00
|
| LOK |
|
|
|0 935
|a uvkn
|a nacp
|
| LOK |
|
|
|0 939
|a 17-12-24
|b l01
|
| ORI |
|
|
|a SA-MARC-krimdoka001.raw
|